Welcome to CU Library Online Public Access Catalogue (OPAC)

Team leader's problem solver / (Record no. 4759)

MARC details
000 -LEADER
fixed length control field 00627cam a2200217 a 4500
001 - CONTROL NUMBER
control field 1144910
005 - DATE AND TIME OF LATEST TRANSACTION
control field 20250313130208.0
008 - FIXED-LENGTH DATA ELEMENTS--GENERAL INFORMATION
fixed length control field 950905s1996 nju 001 0 eng
020 ## - INTERNATIONAL STANDARD BOOK NUMBER
International Standard Book Number 0134099702 (cloth)
020 ## - INTERNATIONAL STANDARD BOOK NUMBER
International Standard Book Number 0134099621 (paper)
050 00 - LIBRARY OF CONGRESS CALL NUMBER
Classification number HD66
Item number .C368 1996
082 00 - DEWEY DECIMAL CLASSIFICATION NUMBER
Classification number 658.4/036
Edition information 20
100 1# - MAIN ENTRY--PERSONAL NAME
Personal name Carr, Clay,
Dates associated with a name 1934-
245 10 - TITLE STATEMENT
Title Team leader's problem solver /
Statement of responsibility, etc. Clay Carr.
260 ## - PUBLICATION, DISTRIBUTION, ETC.
Place of publication, distribution, etc. Englewood Cliffs, N.J. :
Name of publisher, distributor, etc. Prentice Hall,
Date of publication, distribution, etc. c1996.
300 ## - PHYSICAL DESCRIPTION
Extent xvii, 442 p. ;
Dimensions 24 cm.
500 ## - GENERAL NOTE
General note Includes index.
650 #0 - SUBJECT ADDED ENTRY--TOPICAL TERM
Topical term or geographic name entry element Teams in the workplace.
650 #0 - SUBJECT ADDED ENTRY--TOPICAL TERM
Topical term or geographic name entry element Self-directed work teams.
942 ## - ADDED ENTRY ELEMENTS (KOHA)
Source of classification or shelving scheme Library of Congress Classification
Koha item type Books
Suppress in OPAC No
999 ## -
-- 4759
-- 4759
Holdings
Withdrawn status Lost status Source of classification or shelving scheme Damaged status Not for loan Collection Home library Current library Shelving location Date acquired Total checkouts Full call number Barcode Date last seen Copy number Price effective from Koha item type
    Library of Congress Classification     Non-fiction Undergraduate Library (Christ Temple) Undergraduate Library (Christ Temple) General stacks 03/13/2025   HD 66 CAR ulct00001706 03/13/2025 1 03/13/2025 Books
© 2023-2024 Copyright: Central University Libraries. All Rights Reserved | Created by: Mahone Tech Office